| 000 | 01988 a2200205 4500 | ||
|---|---|---|---|
| 001 | 30066 | ||
| 005 | 20260407155611.0 | ||
| 008 | 260407a1969 arg spa d | ||
| 003 | AR-UNSa-BCEJYS | ||
| 040 |
_aAR-UNSa-BCEJYS _bspa _cAR-UNSa-BCEJYS |
||
| 080 |
_a657.474 _xTratamiento de los costos |
||
| 245 | 1 | 0 | _aLa empresa moderna |
| 264 | 1 |
_aMadrid : _bIberico Europea de Ediciones _c1969 |
|
| 300 |
_a495 p. _c22 cm. |
||
| 505 | _a1. Costes históricos: Introducción - 2. Costes standard: Introducción - 3. El control presupuestario - 4. El desarrollo de los costes stándard en las empresas - 5. Implantación de costes stándard para empresas - 6. Análisis de las desviaciones en las empresas - 7. Cálculo de las principales desviaciones - 8. Cálculo de las subdesviaciones - 9. Contabilidad de los costes stándards: Costes circulantes(1) - 10. Contabilidad de los costes standard: Costes standard circulantes(2) - 11. Contabilidad de los costes standard : Costes standard básicos - 12. Control de almacenes utilizando costes actuales - 13. Control de almacenes utilizando costes standard - 14. Control de costes de mano de obra - 15. Cuentas integradas y costes - 16. Presupuestos flexibles : Gastos generales de fabricación - 17. Coste standard para la venta y distribución - 18. Procedimiento de implantación de los costes standar para la venta y distribución - 19. Desviaciones en la venta y distribución - 20. Contabilidad de costes de venta y distribución - 21. Costes de administración - 22. Gastos de capital incluyendo los gastos de investigación y desarrollo - 23. Costes standard marginales - 24. Estados e informes - 25. Informes a los ejecutivos y a la alta dirección - 26. Informes a los mandos intermedios y superiores - 27. El ajuste o índole de las desviaciones y la valoración de stocks - 28. Decisiones sobre políticas y precios | ||
| 942 | _cBK | ||
| 590 | _aniveau_biblio:m niveau_hierar:0 | ||
| 100 | 1 | _aBatty, J. | |
| 700 | 1 | _aVargas, F. | |
| 999 |
_c2002 _d2002 |
||